<?xml version="1.0" encoding="UTF-8"?><?xml-stylesheet type="text/xsl" href="static/style.xsl"?><OAI-PMH xmlns="http://www.openarchives.org/OAI/2.0/" xmlns:xsi="http://www.w3.org/2001/XMLSchema-instance" xsi:schemaLocation="http://www.openarchives.org/OAI/2.0/ http://www.openarchives.org/OAI/2.0/OAI-PMH.xsd"><responseDate>2026-04-29T23:04:17Z</responseDate><request verb="GetRecord" identifier="oai:repisalud.isciii.es:20.500.12105/26436" metadataPrefix="marc">https://repisalud.isciii.es/rest/oai/request</request><GetRecord><record><header><identifier>oai:repisalud.isciii.es:20.500.12105/26436</identifier><datestamp>2025-12-18T12:55:50Z</datestamp><setSpec>com_20.500.12105_2052</setSpec><setSpec>com_20.500.12105_2051</setSpec><setSpec>col_20.500.12105_19609</setSpec></header><metadata><record xmlns="http://www.loc.gov/MARC21/slim" xmlns:dcterms="http://purl.org/dc/terms/" xmlns:doc="http://www.lyncode.com/xoai" xmlns:xsi="http://www.w3.org/2001/XMLSchema-instance" xsi:schemaLocation="http://www.loc.gov/MARC21/slim http://www.loc.gov/standards/marcxml/schema/MARC21slim.xsd">
   <leader>00925njm 22002777a 4500</leader>
   <datafield ind2=" " ind1=" " tag="042">
      <subfield code="a">dc</subfield>
   </datafield>
   <datafield ind2=" " ind1=" " tag="720">
      <subfield code="a">Barbero-Moyano, Jesús</subfield>
      <subfield code="e">author</subfield>
   </datafield>
   <datafield ind2=" " ind1=" " tag="720">
      <subfield code="a">Castro-Scholten, Sabrina</subfield>
      <subfield code="e">author</subfield>
   </datafield>
   <datafield ind2=" " ind1=" " tag="720">
      <subfield code="a">Gonzálvez, Moisés</subfield>
      <subfield code="e">author</subfield>
   </datafield>
   <datafield ind2=" " ind1=" " tag="720">
      <subfield code="a">Moreno-Iruela, Inmaculada</subfield>
      <subfield code="e">author</subfield>
   </datafield>
   <datafield ind2=" " ind1=" " tag="720">
      <subfield code="a">Dominguez-Rodriguez, Mercedes</subfield>
      <subfield code="e">author</subfield>
   </datafield>
   <datafield ind2=" " ind1=" " tag="720">
      <subfield code="a">Cano-Terriza, David</subfield>
      <subfield code="e">author</subfield>
   </datafield>
   <datafield ind2=" " ind1=" " tag="720">
      <subfield code="a">Jiménez-Martín, Débora</subfield>
      <subfield code="e">author</subfield>
   </datafield>
   <datafield ind2=" " ind1=" " tag="720">
      <subfield code="a">Camacho-Sillero, Leonor</subfield>
      <subfield code="e">author</subfield>
   </datafield>
   <datafield ind2=" " ind1=" " tag="720">
      <subfield code="a">Martínez, Remigio</subfield>
      <subfield code="e">author</subfield>
   </datafield>
   <datafield ind2=" " ind1=" " tag="720">
      <subfield code="a">García-Bocanegra, Ignacio</subfield>
      <subfield code="e">author</subfield>
   </datafield>
   <datafield ind2=" " ind1=" " tag="260">
      <subfield code="c">2024-07</subfield>
   </datafield>
   <datafield ind2=" " ind1=" " tag="520">
      <subfield code="a">Wild lagomorphs play a key epidemiological role as reservoirs of Leishmania infantum, causative agent of the largest outbreak of human leishmaniosis in Europe to date. A large-scale survey study was conducted on wild rabbit (Oryctolagus cuniculus) and Iberian hare (Lepus granatensis) populations in Spanish Mediterranean ecosystems to evaluate the exposure of L. infantum and investigate potential risk factors associated with exposure to this zoonotic parasite. Between 2018 and 2021, a total of 631 wild lagomorphs (471 wild rabbits and 160 Iberian hares) were collected in Andalusia (southern Spain) and tested for antibodies against L. infantum using the indirect fluorescent antibody test (IFAT). Spleen samples from 563 of the wild lagomorphs sampled (441 wild rabbits and 122 Iberian hares) were also evaluated by real-time quantitative PCR (qPCR) for detection of Leishmania kDNA. Exposure to L. infantum (positive by IFAT and/or qPCR) was detected in 56.4 % (356/631; 95 %CI: 52.3-60.3) of the lagomorphs analyzed. Anti-Leishmania antibodies were found in 12.8 % (81/631; 95 %CI: 10.2-15.5) of the animals, and L. infantum kDNA was detected in 59.0 % (332/563; 95 %CI: 54.9-63.0) of the spleen samples tested. Phylogenetic analysis revealed high homology (99.9-100 %) between L. infantum sequences obtained and strains previously isolated from humans in Spain. While apparent seroprevalence was significantly higher in Iberian hares (19.4 %; 95 %CI: 13.3-25.5) compared to wild rabbits (10.6 %; 95 %CI: 7.9-13.4), no significant differences in prevalence were found between wild rabbits (61.0 %; 95 %CI: 56.5-65.6) and Iberian hares (51.6 %; 95 %CI: 42.8-60.5). At least one positive animal was found on 64.8 % (70/108) of the hunting grounds sampled, and a high-risk spatial cluster (P &lt; 0.001) was also identified in central Andalusia. The multivariable analysis identified bioclimatic level (meso-Mediterranean climate) and the presence of goats on hunting grounds as risk factors potentially associated with L. infantum exposure in wild lagomorphs. This study shows high, widespread exposure, but heterogeneous distribution of L. infantum in wild lagomorph populations in Mediterranean ecosystems in southern Spain. The results point to the need to promote integrated surveillance programs for the detection of Leishmania spp. in wild lagomorphs in order to establish effective control measures against human leishmaniosis under a One Health approach.</subfield>
   </datafield>
   <datafield ind1="8" ind2=" " tag="024">
      <subfield code="a">Barbero-Moyano J, Castro-Scholten S, Gonzálvez M, Moreno I, Domínguez M, Cano-Terriza D, Jiménez-Martín D, Camacho-Sillero L, Martínez R, García-Bocanegra I. Epidemiological surveillance of Leishmania infantum in wild lagomorphs in Spanish Mediterranean ecosystems. Prev Vet Med. 2024 Jul;228:106231.</subfield>
   </datafield>
   <datafield ind1="8" ind2=" " tag="024">
      <subfield code="a">10.1016/j.prevetmed.2024.106231</subfield>
   </datafield>
   <datafield ind1="8" ind2=" " tag="024">
      <subfield code="a">1873-1716</subfield>
   </datafield>
   <datafield ind1="8" ind2=" " tag="024">
      <subfield code="a">0167-5877</subfield>
   </datafield>
   <datafield ind1="8" ind2=" " tag="024">
      <subfield code="a">Preventive veterinary medicine</subfield>
   </datafield>
   <datafield ind1="8" ind2=" " tag="024">
      <subfield code="a">38788301</subfield>
   </datafield>
   <datafield ind1="8" ind2=" " tag="024">
      <subfield code="a">https://hdl.handle.net/20.500.12105/26436</subfield>
   </datafield>
   <datafield tag="653" ind2=" " ind1=" ">
      <subfield code="a">Iberian hare</subfield>
   </datafield>
   <datafield tag="653" ind2=" " ind1=" ">
      <subfield code="a">Leishmaniosis</subfield>
   </datafield>
   <datafield tag="653" ind2=" " ind1=" ">
      <subfield code="a">QPCR</subfield>
   </datafield>
   <datafield tag="653" ind2=" " ind1=" ">
      <subfield code="a">Risk factor</subfield>
   </datafield>
   <datafield tag="653" ind2=" " ind1=" ">
      <subfield code="a">Spain</subfield>
   </datafield>
   <datafield tag="653" ind2=" " ind1=" ">
      <subfield code="a">Wild rabbit</subfield>
   </datafield>
   <datafield tag="653" ind2=" " ind1=" ">
      <subfield code="a">Zoonosis</subfield>
   </datafield>
   <datafield ind2="0" ind1="0" tag="245">
      <subfield code="a">Epidemiological surveillance of Leishmania infantum in wild lagomorphs in Spanish Mediterranean ecosystems</subfield>
   </datafield>
</record></metadata></record></GetRecord></OAI-PMH>